[Event "Bayer. Damen ch 2008"]
[Site "Bad Neustadt /Saale"]
[Date "2008.08.30"]
[Round "1.2"]
[White "Ludwig, Ines"]
[Black "Lorenz, Oda"]
[Result "0-1"]
[WhiteElo "1763"]
[BlackElo "1905"]
[PlyCount "96"]
[EventDate "2008.??.??"]
[WhiteTeam "SC Mühlhof-Reichelsdorf e.V."]
[BlackTeam "Schachges. Augsburg 1873"]

1. d4 Nf6 2. e3 g6 3. Bd3 Bg7 4. Nd2 O-O 5. f4 d6 6. Ngf3 Nc6 7. a3 Nd5 8. Qe2
e5 9. fxe5 dxe5 10. Be4 exd4 11. Bxd5 Qxd5 12. e4 Qa5 13. O-O Qb6 14. Qd3 Be6
15. Kh1 Rad8 16. Nc4 Qc5 17. b3 b5 18. Ncd2 a6 19. Bb2 Qh5 20. Rae1 Ne5 21.
Nxe5 Bxe5 22. Nf3 Bf4 23. Bc1 Bg3 24. Re2 c5 25. Kg1 Bb8 26. e5 Ba7 27. Re4 c4
28. Qd1 d3+ 29. Be3 dxc2 30. Qxc2 cxb3 31. Qb2 Bxe3+ 32. Rxe3 Qg4 33. Nd2 Rd7
34. Nxb3 Rd1 35. Qf2 Rxf1+ 36. Qxf1 Rd8 37. Nc5 Rd1 38. Re1 Qd4+ 39. Kh1 Rxe1
40. Qxe1 Qxc5 41. Qa1 a5 42. h3 b4 43. axb4 axb4 44. Qa8+ Kg7 45. Qb8 b3 46.
Qd8 Qc1+ 47. Kh2 Qf4+ 48. Kg1 Qxe5 0-1

[Event "Bayer. Damen ch 2008"]
[Site "Bad Neustadt /Saale"]
[Date "2008.08.30"]
[Round "1.3"]
[White "Neubacher, Doris"]
[Black "Heyne, Regina"]
[Result "0-1"]
[WhiteElo "1838"]
[BlackElo "1758"]
[PlyCount "52"]
[EventDate "2008.??.??"]
[WhiteTeam "SC 1972 Himmelstadt e.V."]
[BlackTeam "FC Bayern München e.V."]

1. b3 Nf6 2. Nf3 d5 3. Bb2 e6 4. e3 g6 5. c4 dxc4 6. Bxc4 Bg7 7. Qc2 O-O 8. O-O
Nbd7 9. d4 Nb6 10. Nbd2 Nxc4 11. Nxc4 b6 12. Rac1 Bb7 13. Nce5 Rc8 14. Nc6 Bxc6
15. Qxc6 Qd7 16. Ne5 Qd6 17. Rfd1 Rfd8 18. Qf3 Qd5 19. Rc6 Rd6 20. Rdc1 Rxc6
21. Rxc6 Qa5 22. g4 g5 23. Rxc7 Rxc7 24. Qa8+ Bf8 25. Qd8 Nd5 26. Kf1 Qd2 0-1

[Event "Bayer. Damen ch 2008"]
[Site "Bad Neustadt /Saale"]
[Date "2008.08.30"]
[Round "1.4"]
[White "Hartlaub, Marianne"]
[Black "Antusch, Ingrid"]
[Result "0-1"]
[WhiteElo "1731"]
[BlackElo "1832"]
[PlyCount "62"]
[EventDate "2008.??.??"]
[WhiteTeam "SK 1982 Klingenberg/Main"]
[BlackTeam "SK Gräfelfing"]

1. Nf3 f5 2. b3 Nf6 3. Bb2 e6 4. c4 c6 5. Nc3 d5 6. e3 Bd6 7. d4 Nbd7 8. Rc1
O-O 9. g3 Ne4 10. Bg2 Qf6 11. O-O Qh6 12. Nd2 Ndf6 13. h3 Bd7 14. cxd5 exd5 15.
Qe1 Rae8 16. a3 Nh5 17. Ndxe4 fxe4 18. Ne2 g6 19. Kh2 Nf6 20. Rh1 Ng4+ 21. Kg1
Nxe3 22. fxe3 Qxe3+ 23. Kh2 Rf2 24. Rc2 Bxh3 25. Rg1 Ref8 26. b4 Bxg2 27. Bc1
Qf3 28. Bg5 h6 29. Qd2 Qh5+ 30. Bh4 Bxg3+ 31. Kxg3 R8f3+ 0-1

[Event "Bayer. Damen ch 2008"]
[Site "Bad Neustadt /Saale"]
[Date "2008.08.30"]
[Round "1.5"]
[White "Zwetz, Anita"]
[Black "Stegmaier, Erika"]
[Result "1-0"]
[WhiteElo "1802"]
[BlackElo "1585"]
[PlyCount "91"]
[EventDate "2008.??.??"]
[WhiteTeam "SC Bavaria Regensb.1881"]
[BlackTeam "1.Schachklub Neuperlach e.V."]

1. d4 Nf6 2. Bg5 e6 3. Bxf6 Qxf6 4. e4 d6 5. Nf3 Nd7 6. Nc3 c6 7. Qd2 Be7 8.
Be2 O-O 9. g4 e5 10. g5 Qf4 11. Qxf4 exf4 12. Rg1 b5 13. d5 Bb7 14. dxc6 Bxc6
15. Nd4 Ne5 16. Nxc6 Nxc6 17. Nxb5 Nb4 18. Nd4 Rfc8 19. c3 Nc6 20. Nf5 Rc7 21.
O-O-O Rd8 22. Nxe7+ Rxe7 23. f3 g6 24. Rg4 Re5 25. h4 d5 26. exd5 Rexd5 27.
Rxd5 Rxd5 28. Rxf4 Ne5 29. Rd4 Rc5 30. f4 Nc6 31. Rc4 Rxc4 32. Bxc4 Ne7 33. Bd3
Kf8 34. Be4 Nc8 35. Kd2 Ke7 36. Kd3 Ke6 37. Kd4 Nb6 38. c4 f5 39. Bd5+ Ke7 40.
c5 Nd7 41. a4 a5 42. b3 Kf8 43. c6 Nb6 44. Kc5 Nc8 45. Be6 Na7 46. Kb6 1-0

[Event "Bayer. Damen ch 2008"]
[Site "Bad Neustadt /Saale"]
[Date "2008.08.31"]
[Round "2.2"]
[White "Lorenz, Oda"]
[Black "Antusch, Ingrid"]
[Result "1-0"]
[WhiteElo "1905"]
[BlackElo "1832"]
[PlyCount "61"]
[EventDate "2008.??.??"]
[WhiteTeam "Schachges. Augsburg 1873"]
[BlackTeam "SK Gräfelfing"]

1. e4 d5 2. exd5 Qxd5 3. Nc3 Qa5 4. Nf3 c6 5. Bc4 Nf6 6. O-O Bf5 7. d4 e6 8.
Bf4 Be7 9. Re1 O-O 10. Qe2 Nbd7 11. a3 Nd5 12. Nxd5 cxd5 13. Ba2 Nf6 14. h3 h6
15. Nh4 Bh7 16. Nf3 Rac8 17. c3 Rfe8 18. Rac1 Qd8 19. Ne5 Qd6 20. Qf3 Qb6 21.
Re2 Be4 22. Qe3 Qa6 23. Rce1 Bd3 $4 24. Nxd3 b5 25. Bb1 Qc6 26. Ne5 Qb6 27. Qd3
Bd6 28. Qf3 Rc7 29. Bxh6 gxh6 30. Qxf6 Bf8 31. Re3 1-0

[Event "Bayer. Damen ch 2008"]
[Site "Bad Neustadt /Saale"]
[Date "2008.08.31"]
[Round "2.3"]
[White "Weiss, Monika"]
[Black "Stegmaier, Erika"]
[Result "1-0"]
[WhiteElo "1656"]
[BlackElo "1585"]
[PlyCount "59"]
[EventDate "2008.??.??"]
[WhiteTeam "SC Bavaria Regensb.1881"]
[BlackTeam "1.Schachklub Neuperlach e.V."]

1. e4 c5 2. c3 Nc6 3. Nf3 g6 4. d4 cxd4 5. cxd4 Bg7 6. Bc4 e6 7. O-O Nf6 8. e5
Ng4 9. h3 Nh6 10. Nc3 a6 11. Bg5 Qc7 12. Qd2 Nf5 13. g4 Nfe7 14. Ne4 O-O 15.
Nf6+ Kh8 16. Rac1 b5 17. Bb3 Qa5 18. Qe3 b4 19. Rc5 Qb6 20. Rfc1 a5 21. d5 exd5
22. Bxd5 Nxd5 23. Nxd5 Qa7 24. Nf6 a4 25. Bh6 Rd8 26. Qg5 Bb7 27. Qh4 Nxe5 28.
Nxe5 Rf8 29. Nexd7 Rfd8 30. Bxg7+ 1-0

[Event "Bayer. Damen ch 2008"]
[Site "Bad Neustadt /Saale"]
[Date "2008.08.31"]
[Round "2.4"]
[White "Ludwig, Ines"]
[Black "Zwetz, Anita"]
[Result "0-1"]
[WhiteElo "1763"]
[BlackElo "1802"]
[PlyCount "134"]
[EventDate "2008.??.??"]
[WhiteTeam "SC Mühlhof-Reichelsdorf e.V."]
[BlackTeam "SC Bavaria Regensb.1881"]

1. d4 d5 2. e3 Nf6 3. Bd3 e6 4. Nd2 Nbd7 5. c3 c5 6. f4 g6 7. Ngf3 Ng4 8. Qe2
c4 9. Bc2 Be7 10. O-O b5 11. h3 Nh6 12. e4 Bb7 13. e5 Nf5 14. Qf2 h5 15. Re1
Nh4 16. Nf1 Nxf3+ 17. Qxf3 Qb6 18. Be3 Nf8 19. Re2 Nh7 20. Qg3 O-O-O 21. Nd2
Rdg8 22. Nf3 Qd8 23. Ng5 Nxg5 24. fxg5 h4 25. Qg4 Rh5 26. Rf1 Kb8 27. Rxf7 Bc8
28. Rf1 Bxg5 29. Qf3 Rhh8 30. Bxg5 Qxg5 31. Qf6 Qh5 32. Ref2 g5 33. Bd1 Qe8 34.
Bg4 Rh7 35. Qf3 Bd7 36. b3 Bc6 37. Qf6 Re7 38. Bh5 Qd7 39. Bg6 Qc7 40. Qxg5
Reg7 41. Rf8+ Rxf8 42. Rxf8+ Kb7 43. Rf6 cxb3 44. axb3 Bd7 45. Qd2 a5 46. Bh5
Rg3 47. Bf3 a4 48. bxa4 bxa4 49. Qb2+ Ka7 50. Qb4 Rg7 51. Rh6 Qd8 52. c4 Qb6
53. Qxb6+ Kxb6 54. c5+ $4 Kb5 55. Kf2 Rg8 56. Rxh4 $4 a3 57. Rh7 a2 58. Rxd7
a1=Q 59. Be2+ Kc6 60. Rd6+ Kc7 61. g4 Qxd4+ 62. Kg2 Qxe5 63. Bf3 Rf8 64. Rb6
Qf4 65. Rb3 Qd2+ 66. Kg3 Qe1+ 67. Kh2 Rxf3 0-1

[Event "Bayer. Damen ch 2008"]
[Site "Bad Neustadt /Saale"]
[Date "2008.08.31"]
[Round "2.5"]
[White "Neubacher, Doris"]
[Black "Hartlaub, Marianne"]
[Result "0-1"]
[WhiteElo "1838"]
[BlackElo "1731"]
[PlyCount "80"]
[EventDate "2008.??.??"]
[WhiteTeam "SC 1972 Himmelstadt e.V."]
[BlackTeam "SK 1982 Klingenberg/Main"]

1. b3 d6 2. d4 Nf6 3. Bb2 e6 4. e3 c6 5. Nf3 Be7 6. Bd3 O-O 7. O-O Nbd7 8. Nbd2
b5 9. Rc1 Bb7 10. Re1 Qc7 11. e4 e5 12. c4 a6 13. d5 Nc5 14. Bb1 cxd5 15. cxd5
Qb6 16. h3 Nh5 17. Nxe5 Nf4 18. b4 Na4 19. Nec4 Qd8 20. Qg4 Ng6 21. Na5 Bc8 22.
Qg3 Nxb2 23. Nc6 Qb6 24. Nxe7+ Nxe7 25. Nf3 Nc4 26. Qh4 Ng6 27. Qg5 Qd8 28. Qg3
f5 29. exf5 Bxf5 30. Nd4 Bxb1 31. Ne6 Qf6 32. Nxf8 Rxf8 33. Rxb1 Nge5 34. Re2
Qf5 35. Rd1 Rf6 36. Rd4 Rg6 37. Rf4 Qb1+ 38. Kh2 Rxg3 39. Kxg3 Qd3+ 40. Kh2
Qxe2 0-1

[Event "Bayer. Damen ch 2008"]
[Site "Bad Neustadt /Saale"]
[Date "2008.09.01"]
[Round "3.2"]
[White "Stegmaier, Erika"]
[Black "Hartlaub, Marianne"]
[Result "1-0"]
[WhiteElo "1585"]
[BlackElo "1731"]
[PlyCount "116"]
[EventDate "2008.??.??"]
[WhiteTeam "1.Schachklub Neuperlach e.V."]
[BlackTeam "SK 1982 Klingenberg/Main"]

1. c4 d6 2. Nc3 Nf6 3. g3 c6 4. Bg2 e5 5. e3 Be7 6. Nge2 Nbd7 7. O-O O-O 8. b3
Qc7 9. Bb2 Re8 10. Qc2 Bf8 11. d4 h6 12. d5 a6 13. Rad1 Rb8 14. Rd2 cxd5 15.
Nxd5 Nxd5 16. Bxd5 Nf6 17. Bg2 Bd7 18. Rfd1 Bc6 19. Ba3 Red8 20. Nc3 Bxg2 21.
Kxg2 Qc6+ 22. Kg1 Rbc8 23. Nd5 Nh7 24. Qf5 g6 25. Qh3 Kg7 26. Bb2 Ng5 27. Qg2
Qe8 28. h3 Ne6 29. Qf3 f5 30. Nf4 Nc5 31. Qd5 Kh7 32. Nd3 Qe7 33. Qg2 (33. Nxc5
Rxc5 34. Qxc5 dxc5 35. Rxd8 Kg8 36. R1d7 Qe6 37. f4 $18) 33... Ne4 34. Rc2 d5
35. Nxe5 Bg7 36. Nf3 Bxb2 37. Rxb2 dxc4 38. Rxd8 Qxd8 39. bxc4 Rc7 40. Nd4 Qf6
41. Rb4 Qd6 42. a3 b6 43. Qf1 a5 44. Rb2 Rb7 45. Qb1 Nxg3 46. c5 Qxc5 47. fxg3
Qxa3 48. Rb3 Qd6 49. Kh2 Qf6 50. Rc3 Qe5 51. Qd3 Qd5 52. Qc2 Qe5 53. Nc6 Qg7
54. Nd8 Rd7 55. Ne6 Qe7 56. Rc6 b5 57. Qc3 b4 58. Qb3 h5 {jetzt steht da:  59.
hxg hxg 60.Dc2} (58... Qf7 59. Kg2 {(2x füll)} Qe7 60. g4 h5 61. gxh5 gxh5 62.
Qc2 Qf6 63. Nd4 Qe5 64. Nxf5 Kg8 65. Rc8+ Kf7 66. Qc4+ Qd5+ 67. Qxd5+ Rxd5 68.
Rc7+ Ke6 69. Nd4+ Ke5 70. Rb7 a4 71. Kf2 (71. Kf1 {(füll)} a3 72. Rxb4) 71...
a3 72. Rxb4 Ke4 73. Ra4 Kd3 74. Rxa3+ Ke4 75. Ke2) 1-0

[Event "Bayer. Damen ch 2008"]
[Site "Bad Neustadt /Saale"]
[Date "2008.09.01"]
[Round "3.3"]
[White "Antusch, Ingrid"]
[Black "Neubacher, Doris"]
[Result "1/2-1/2"]
[WhiteElo "1832"]
[BlackElo "1838"]
[PlyCount "61"]
[EventDate "2008.??.??"]
[WhiteTeam "SK Gräfelfing"]
[BlackTeam "SC 1972 Himmelstadt e.V."]

1. d4 d5 2. f4 Nf6 3. Nf3 Bf5 4. e3 e6 5. Bd3 Ne4 6. O-O Be7 7. c3 O-O 8. Qc2
c5 9. Nbd2 Nxd2 10. Bxd2 Bxd3 11. Qxd3 c4 12. Qe2 Nd7 13. e4 dxe4 14. Qxe4 Qb6
15. Rab1 Nf6 16. Qe2 Qc7 17. Ne5 Rac8 18. Rbe1 b5 19. a3 Rfe8 20. Rf3 Bd6 21.
Rh3 Nd5 22. Qh5 h6 23. Rf1 Nf6 24. Qh4 Ne4 25. Be3 Be7 26. Qh5 Bd6 27. Ng4 Rb8
28. Nxh6+ gxh6 29. Qxh6 (29. Qg4+ Kf8 30. f5 $18) 29... f5 30. Qh8+ (30. Rff3
Kf7 31. d5 Bf8 32. Qh5+ Ke7 33. dxe6 Kxe6 34. Qg6+ Kd5 35. Qxf5+ Kc6) 30... Kf7
31. Qh7+ (31. Qh7+ Kf8 32. Qh8+ Ke7 33. Rh7+ Kd8 34. Rxc7 Rxh8 35. Rxa7 Bc7 $19
) 1/2-1/2

[Event "Bayer. Damen ch 2008"]
[Site "Bad Neustadt /Saale"]
[Date "2008.09.01"]
[Round "3.4"]
[White "Heyne, Regina"]
[Black "Ludwig, Ines"]
[Result "0-1"]
[WhiteElo "1758"]
[BlackElo "1763"]
[PlyCount "84"]
[EventDate "2008.??.??"]
[WhiteTeam "FC Bayern München e.V."]
[BlackTeam "SC Mühlhof-Reichelsdorf e.V."]

1. d4 d5 2. c4 e6 3. Nf3 c6 4. e3 Bd6 5. Nc3 Nd7 6. Bd3 f5 7. O-O Ngf6 8. c5
Bc7 9. b4 a6 10. Bb2 O-O 11. a4 Ne4 12. b5 Rf6 13. b6 Bb8 14. Nd2 Rh6 15. h3 g5
16. f4 Nxd2 17. Qxd2 g4 18. Kh2 (18. hxg4 Qh4 19. g5 Qh2+ 20. Kf2 Qh4+ 21. Ke2
Qg4+ 22. Ke1 Rh2 23. Be2 Qxg2 24. Kd1 $18) 18... Rg6 19. Ne2 h5 20. Rg1 h4 21.
g3 hxg3+ 22. Rxg3 Qh4 23. Nc3 Nf6 24. Bf1 Nh5 25. Rg1 $2 g3+ 26. Kg2 Nf6 $2 (
26... Bxf4 27. exf4 Nxf4+ 28. Kf3 Qh5+ 29. Ke3 $19) 27. Rh1 Ne4 28. Nxe4 fxe4
29. Be2 Bd7 30. Bg4 Bxf4 31. exf4 Rf8 32. Raf1 Be8 33. Qe3 Rgf6 34. Qxg3 Qh6
35. Bc1 Qh8 36. Bxe6+ Kh7 37. Qh4+ Rh6 38. Qe7+ Bf7 39. Bxf7 (39. Bf5+ Kg8 40.
Rhg1) 39... Qg7+ 40. Kh2 Rxf7 41. Qe5 $4 ({Fritz 10:} 41. Qe8 Rf8 42. Qe5 Rf7
43. Qxg7+ Kxg7 44. f5 Rh5 45. Rhg1+ Kf8 46. Rg5 Rh4 47. Be3 Rfh7 48. Rg3 {
[%eval 555,16]}) 41... Qg4 42. Qg5 Rxh3# 0-1

[Event "Bayer. Damen ch 2008"]
[Site "Bad Neustadt /Saale"]
[Date "2008.09.01"]
[Round "3.5"]
[White "Lorenz, Oda"]
[Black "Weiss, Monika"]
[Result "1-0"]
[WhiteElo "1905"]
[BlackElo "1656"]
[PlyCount "95"]
[EventDate "2008.??.??"]
[WhiteTeam "Schachges. Augsburg 1873"]
[BlackTeam "SC Bavaria Regensb.1881"]

1. e4 c5 2. d4 cxd4 3. c3 dxc3 4. Nxc3 Nc6 5. Nf3 d6 6. Bc4 a6 7. O-O Nf6 8.
Bf4 e6 9. Qe2 Qc7 10. Rac1 Be7 11. Rfd1 O-O 12. h3 b5 13. Bb3 Rd8 14. Nd5 exd5
15. exd5 Bf8 16. Rxc6 Qe7 17. Qd3 Qe4 18. Bg5 Qxd3 19. Rxd3 Rd7 20. Bxf6 gxf6
21. Nd4 Bb7 22. Rg3+ Kh8 23. Rc2 Re8 24. Kf1 Rde7 25. Re2 Rxe2 26. Nxe2 Bh6 27.
Rc3 Rc8 28. Rxc8+ Bxc8 29. f4 f5 30. g3 Bg7 31. Nc3 Bxc3 32. bxc3 Kg7 33. Kf2
Kf6 34. Ke3 Bb7 35. Kd4 Bc8 36. c4 bxc4 37. Kxc4 Bd7 38. Kb4 Ke7 39. Bc4 Bc8
40. Ka5 Kd7 41. Bxa6 Bxa6 42. Kxa6 h5 43. Kb6 f6 44. a4 Kc8 45. Kc6 Kb8 46.
Kxd6 Ka7 47. Ke6 Kb6 48. d6 1-0

[Event "Bayer. Damen ch 2008"]
[Site "Bad Neustadt /Saale"]
[Date "2008.09.01"]
[Round "4.2"]
[White "Weiss, Monika"]
[Black "Heyne, Regina"]
[Result "0-1"]
[WhiteElo "1656"]
[BlackElo "1758"]
[PlyCount "98"]
[EventDate "2008.??.??"]
[WhiteTeam "SC Bavaria Regensb.1881"]
[BlackTeam "FC Bayern München e.V."]

1. e4 e6 2. d4 d5 3. e5 c5 4. c3 Nc6 5. Nf3 Bd7 6. Bd3 cxd4 7. cxd4 Bb4+ 8. Nc3
h6 9. O-O Nge7 10. a3 Ba5 11. b4 Bc7 12. Be3 Ng6 13. Bxg6 fxg6 14. Qd3 Kf7 15.
g3 (15. Nb5 a6 16. Nxc7 Qxc7 17. Rac1 $16) 15... Rf8 16. Nh4 Ne7 17. g4 Be8 18.
f4 Kg8 19. Rf2 Kh7 20. Nf3 a6 21. h4 Rc8 22. Rc1 Bb6 23. a4 Ba7 24. Rfc2 Nc6
25. Na2 {(=)} Ne7 26. Rxc8 Nxc8 27. b5 a5 28. g5 Nb6 29. Nc3 Nc4 30. Nd2 Nb6
31. Kg2 Bd7 32. h5 Qe8 33. hxg6+ Qxg6 34. Qxg6+ Kxg6 35. gxh6 gxh6 36. Rh1 Rc8
37. Rc1 $4 Nxa4 38. Ndb1 Nxc3 39. Rxc3 Rc4 40. Rxc4 dxc4 41. Nc3 a4 42. Nxa4
Bxb5 43. Nc3 Bc6+ 44. Kf2 Bb6 45. Ke2 Ba5 46. Bd2 Bxc3 47. Bxc3 Kf5 48. Ke3 h5
49. Be1 Kg4 0-1

[Event "Bayer. Damen ch 2008"]
[Site "Bad Neustadt /Saale"]
[Date "2008.09.01"]
[Round "4.4"]
[White "Neubacher, Doris"]
[Black "Stegmaier, Erika"]
[Result "1/2-1/2"]
[WhiteElo "1838"]
[BlackElo "1585"]
[PlyCount "90"]
[EventDate "2008.??.??"]
[WhiteTeam "SC 1972 Himmelstadt e.V."]
[BlackTeam "1.Schachklub Neuperlach e.V."]

1. Nc3 Nf6 2. d4 d6 3. e4 Nc6 4. Bb5 Bd7 5. Nf3 e6 6. O-O Be7 7. Re1 O-O 8. e5
dxe5 9. dxe5 Ne8 10. Bf4 a6 11. Ba4 b5 12. Bb3 Na5 13. Qd2 Nxb3 14. cxb3 Bc6
15. Nd4 Bb7 16. Rad1 c5 17. Nde2 Qxd2 18. Rxd2 Bc6 19. Red1 Nc7 20. Rd3 Nd5 21.
Bc1 f6 22. Nxd5 exd5 23. e6 d4 24. Bf4 Bd5 25. Ng3 g6 26. Re1 a5 27. a3 Ra6 28.
b4 axb4 29. axb4 Rxe6 30. Rxe6 Bxe6 31. bxc5 Bxc5 32. b4 Bb6 33. Bd6 Rc8 34. h3
Bc4 35. Rd2 d3 36. Ne4 Kf7 37. Bf4 Rc6 38. g4 Bc7 39. Be3 Be5 40. f4 Bc7 41.
Kf2 Bb6 (41... f5 $19) 42. Bxb6 Rxb6 43. Nc5 Rd6 44. Ke3 h6 45. Nxd3 Ke7
1/2-1/2

[Event "Bayer. Damen ch 2008"]
[Site "Bad Neustadt /Saale"]
[Date "2008.09.01"]
[Round "4.5"]
[White "Hartlaub, Marianne"]
[Black "Zwetz, Anita"]
[Result "0-1"]
[WhiteElo "1731"]
[BlackElo "1802"]
[PlyCount "66"]
[EventDate "2008.??.??"]
[WhiteTeam "SK 1982 Klingenberg/Main"]
[BlackTeam "SC Bavaria Regensb.1881"]

1. Nf3 d5 2. c4 e6 3. g3 Nf6 4. Bg2 c6 5. b3 Nbd7 6. Bb2 Qb6 7. O-O dxc4 8. Bd4
Bc5 9. Bxc5 Qxc5 10. Qc2 cxb3 11. Qxb3 O-O 12. d4 Qh5 13. Nbd2 e5 14. e3 e4 15.
Ne1 Re8 16. Nc4 Ng4 17. h3 Ndf6 18. Qd1 b6 19. Nd6 Re7 20. Nxc8 Rxc8 21. f3 $4
Nxe3 22. Qb3 Nxf1 23. g4 Qh4 24. Kxf1 e3 25. Qb2 Nd5 26. Kg1 Nf4 27. Kh2 Rce8
28. Qc2 Qf2 29. Qxc6 e2 30. Qc3 Re3 31. Qd2 Nxg2 32. Nxg2 e1=Q 33. Qxf2 Qxf2
0-1

[Event "Bayer. Damen ch 2008"]
[Site "Bad Neustadt /Saale"]
[Date "2008.09.02"]
[Round "5.2"]
[White "Zwetz, Anita"]
[Black "Neubacher, Doris"]
[Result "1-0"]
[WhiteElo "1802"]
[BlackElo "1838"]
[PlyCount "97"]
[EventDate "2008.??.??"]
[WhiteTeam "SC Bavaria Regensb.1881"]
[BlackTeam "SC 1972 Himmelstadt e.V."]

1. d4 d5 2. Bg5 Bf5 3. e3 Nc6 4. c3 h6 5. Bh4 g5 6. Bg3 a6 7. Nf3 Nf6 8. Ne5
Nxe5 9. Bxe5 e6 10. Bd3 Bxd3 11. Qxd3 Bd6 12. f4 Rg8 13. Bxf6 Qxf6 14. g3 O-O-O
15. Rf1 Qe7 16. Nd2 f6 17. O-O-O gxf4 18. exf4 c5 19. dxc5 Bxc5 20. Rde1 Kb8
21. Nb3 Bb6 22. Nd4 Bxd4 23. Qxd4 Rd6 24. Re2 Rc8 25. Kb1 Rc4 26. Qd2 Rb6 $5
27. Ka1 Qd7 28. Rd1 Qb5 29. Rde1 Qd7 30. Qe3 Qc7 31. Qd3 Rcc6 32. Rc2 Qd6 33.
Rd1 Qe7 34. f5 exf5 35. Qxf5 Re6 36. Qf4+ Ka7 37. Qxh6 Re1 38. Qd2 Rbe6 39.
Qd4+ Ka8 40. Rcd2 Rxd1+ 41. Rxd1 Re1 42. a3 Qe2 43. Rxe1 Qxe1+ 44. Ka2 Qe5 45.
Qxe5 fxe5 46. Kb1 Kb8 47. h4 e4 48. Kc2 Kc7 49. h5 1-0

[Event "Bayer. Damen ch 2008"]
[Site "Bad Neustadt /Saale"]
[Date "2008.09.02"]
[Round "5.3"]
[White "Stegmaier, Erika"]
[Black "Ludwig, Ines"]
[Result "0-1"]
[WhiteElo "1585"]
[BlackElo "1763"]
[PlyCount "98"]
[EventDate "2008.??.??"]
[WhiteTeam "1.Schachklub Neuperlach e.V."]
[BlackTeam "SC Mühlhof-Reichelsdorf e.V."]

1. c4 e6 2. Nc3 d5 3. cxd5 exd5 4. d4 f5 5. g3 c6 6. Bg2 Bd6 7. Nf3 Qe7 8. O-O
Nf6 9. Bg5 O-O 10. Re1 Qe6 11. Qc1 Nbd7 12. Bf4 Ne4 13. Ne5 Nxe5 14. dxe5 Bxe5
15. Nxe4 fxe4 16. Bxe5 Qxe5 17. e3 Qf6 18. Rf1 Bg4 19. Qc2 Rf7 20. Rac1 h5 21.
h4 Qf5 22. Qc3 Be2 23. a3 Bxf1 24. Rxf1 g5 25. hxg5 Qxg5 26. Bh3 Re8 27. Qc5 a6
28. Qd6 Kg7 29. Bg2 h4 30. gxh4 Qxh4 31. Qc5 Rh8 32. Qc3+ Qf6 33. Qd2 Qe5 34.
Rd1 Qh2+ 35. Kf1 Rh6 36. Bxe4 dxe4 37. Qd4+ Rhf6 38. Rd2 Qh1+ 39. Ke2 Qf3+ 40.
Ke1 Kh7 41. Re2 Qh1+ 42. Kd2 Rxf2 43. Rxf2 Rxf2+ 44. Kc3 Qc1+ 45. Kb3 Qc2+ 46.
Ka2 Qd3 47. Qb4 Qd5+ 48. Kb1 Rf1+ 49. Kc2 Qd3# 0-1

[Event "Bayer. Damen ch 2008"]
[Site "Bad Neustadt /Saale"]
[Date "2008.09.02"]
[Round "5.4"]
[White "Antusch, Ingrid"]
[Black "Weiss, Monika"]
[Result "0-1"]
[WhiteElo "1832"]
[BlackElo "1656"]
[PlyCount "54"]
[EventDate "2008.??.??"]
[WhiteTeam "SK Gräfelfing"]
[BlackTeam "SC Bavaria Regensb.1881"]

1. d4 Nf6 2. e3 d6 3. f4 g6 4. Bd3 Bg7 5. Nf3 O-O 6. O-O c6 7. Nbd2 Nbd7 8. c3
Qc7 9. e4 e5 10. Nc4 exd4 11. Nxd4 Nc5 12. Qf3 Nxd3 13. Qxd3 d5 14. Nd2 dxe4
15. Nxe4 Nxe4 16. Qxe4 Bd7 17. Be3 Rae8 18. Qd3 c5 19. Nc2 $2 Bf5 20. Qd2 Bxc2
21. Bxc5 Qxc5+ 22. Kh1 Ba4 23. Rac1 Qe3 24. Qd6 Re6 25. Qc7 Bc6 26. Qa5 Rfe8
27. Qg5 Qxc1 0-1

[Event "Bayer. Damen ch 2008"]
[Site "Bad Neustadt /Saale"]
[Date "2008.09.02"]
[Round "5.5"]
[White "Heyne, Regina"]
[Black "Lorenz, Oda"]
[Result "0-1"]
[WhiteElo "1758"]
[BlackElo "1905"]
[PlyCount "44"]
[EventDate "2008.??.??"]
[WhiteTeam "FC Bayern München e.V."]
[BlackTeam "Schachges. Augsburg 1873"]

1. d4 Nf6 2. c4 c5 3. Nf3 g6 4. e3 Bg7 5. Be2 O-O 6. O-O d6 7. Nc3 Bf5 8. b3
Nc6 9. Bb2 cxd4 10. Nxd4 Nxd4 11. exd4 Rc8 12. d5 a6 13. Rc1 Qa5 14. f3 Bh6 15.
Ra1 b5 16. Re1 bxc4 17. Bxc4 Qb6+ 18. Kh1 Rxc4 19. Na4 Rxa4 20. bxa4 Qxb2 21.
Rxe7 Nxd5 22. Re2 Qc3 0-1

[Event "Bayer. Damen ch 2008"]
[Site "Bad Neustadt /Saale"]
[Date "2008.09.03"]
[Round "6.2"]
[White "Hartlaub, Marianne"]
[Black "Ludwig, Ines"]
[Result "0-1"]
[WhiteElo "1731"]
[BlackElo "1763"]
[PlyCount "32"]
[EventDate "2008.??.??"]
[WhiteTeam "SK 1982 Klingenberg/Main"]
[BlackTeam "SC Mühlhof-Reichelsdorf e.V."]

1. d4 d5 2. c4 e6 3. Nc3 f5 4. Nf3 c6 5. g3 Bd6 6. Bg2 Nd7 7. b3 Ngf6 8. O-O
Ne4 9. Bb2 Qf6 10. e3 O-O 11. Ne1 Qh6 12. Nd3 g5 13. f3 Nxc3 14. Bxc3 f4 15.
Bb4 fxg3 16. Bxd6 Qxh2# 0-1

[Event "Bayer. Damen ch 2008"]
[Site "Bad Neustadt /Saale"]
[Date "2008.09.03"]
[Round "6.3"]
[White "Zwetz, Anita"]
[Black "Weiss, Monika"]
[Result "1/2-1/2"]
[WhiteElo "1802"]
[BlackElo "1656"]
[PlyCount "110"]
[EventDate "2008.??.??"]
[WhiteTeam "SC Bavaria Regensb.1881"]
[BlackTeam "SC Bavaria Regensb.1881"]

1. d4 g6 2. Bg5 Bg7 3. Nf3 d6 4. e3 Nf6 5. Bd3 O-O 6. Bxf6 Bxf6 7. Nbd2 Nd7 8.
h4 e5 9. c3 d5 10. dxe5 Nxe5 11. Nxe5 Bxe5 12. Qc2 h5 13. O-O-O c6 14. f4 Bg7
15. f5 Bxf5 16. Bxf5 gxf5 17. Qxf5 Qe8 18. Qxh5 Qxe3 19. Rde1 Qh6 20. Qf5 Qd6
21. g4 Rae8 22. h5 Re5 23. Rxe5 Bxe5 (23... Qxe5 24. Qxe5 Bxe5 25. Kc2 $44) 24.
Nf3 (24. Rf1 $16) 24... Re8 25. Ng5 (25. Rf1 $16) 25... Bf4+ 26. Kd1 Bxg5 27.
Qxg5+ Kh8 28. Rf1 Qe6 29. Qf4 Kg7 30. h6+ Kg6 31. g5 Qe2+ 32. Kc1 Qe3+ 33. Qxe3
Rxe3 34. Rf6+ Kxg5 35. Rxf7 (35. h7 Rh3 36. Rxf7 Kg6 37. Rxb7 Rxh7 38. Rxh7
Kxh7 39. Kd2 Kg6 40. Kd3 c5 41. c4 d4 42. b4 $18) 35... Kxh6 36. Rxb7 Kg6 37.
Rxa7 Kf6 38. Rc7 Re6 39. a4 Ke5 40. Kc2 Kd6 41. Rb7 Kc5 42. Kd3 (42. a5 $18)
42... Re8 43. b4+ Kd6 44. a5 Re1 45. Rh7 Re8 46. Rh6+ Kc7 47. Rh1 Kb7 48. Ra1
Ka6 49. c4 dxc4+ 50. Kxc4 Re2 51. Rh1 Re7 52. Rh6 Kb7 53. Rd6 Re4+ 54. Kc5 Re5+
55. Kd4 Re7 {und Remis im 62. Zug   Notationen unklar.} (55... Re7 56. Kc5 Rc7
57. b5 Rc8 58. Rh6 Rc7 59. Rh4) 1/2-1/2

[Event "Bayer. Damen ch 2008"]
[Site "Bad Neustadt /Saale"]
[Date "2008.09.03"]
[Round "6.4"]
[White "Stegmaier, Erika"]
[Black "Lorenz, Oda"]
[Result "0-1"]
[WhiteElo "1585"]
[BlackElo "1905"]
[PlyCount "82"]
[EventDate "2008.??.??"]
[WhiteTeam "1.Schachklub Neuperlach e.V."]
[BlackTeam "Schachges. Augsburg 1873"]

1. c4 Nf6 2. Nc3 g6 3. g3 Bg7 4. Bg2 c5 5. e3 O-O 6. Nge2 Nc6 7. O-O d6 8. d4
Bf5 9. e4 Bg4 10. f3 Bd7 11. Be3 cxd4 12. Nxd4 a6 13. Rc1 Rc8 14. Nce2 Qb6 15.
Qd2 Qd8 16. b3 Ne8 17. Rcd1 Ne5 18. Nf4 Nxc4 19. bxc4 e5 20. Nd5 exd4 21. Bxd4
Be6 22. Bxg7 Kxg7 23. Qb2+ Kg8 24. Qxb7 Rxc4 25. Qxa6 Rc5 26. Nf4 $4 Bc4 27.
Qa3 Ra5 28. Qb4 Bxf1 29. Bxf1 Rxa2 30. e5 Qa8 31. e6 Qxf3 32. Be2 Qe3+ 33. Kf1
fxe6 34. Qc4 Rb2 35. Kg2 g5 36. Rd3 Rxe2+ 37. Nxe2 Qxe2+ 38. Kh3 Nf6 39. g4
Qf1+ 40. Kg3 Nd5 41. Qd4 Qe1+ 0-1

[Event "Bayer. Damen ch 2008"]
[Site "Bad Neustadt /Saale"]
[Date "2008.09.03"]
[Round "6.5"]
[White "Antusch, Ingrid"]
[Black "Heyne, Regina"]
[Result "0-1"]
[WhiteElo "1832"]
[BlackElo "1758"]
[PlyCount "82"]
[EventDate "2008.??.??"]
[WhiteTeam "SK Gräfelfing"]
[BlackTeam "FC Bayern München e.V."]

1. d4 d5 2. f4 Nf6 3. Nf3 Bf5 4. e3 e6 5. Nbd2 c5 6. c3 Bd6 7. Bb5+ Nc6 8. Ne5
Qc7 9. Ba4 O-O 10. O-O a6 11. Bc2 Bxc2 12. Qxc2 Rfc8 13. Rf3 b5 14. Rh3 b4 15.
c4 cxd4 16. g4 dxe3 17. Ndf3 Nxe5 18. fxe5 Bxe5 19. g5 Ne4 20. Bxe3 Bf4 21. Qe2
Bxe3+ 22. Qxe3 Qxc4 23. Ne5 Qc5 24. Rf1 Nxg5 25. Nd7 Qxe3+ 26. Rxe3 Rc7 27. Ne5
Rac8 28. Nd3 a5 29. Rg3 Ne4 30. Rgf3 f6 31. Re1 Rc2 32. Nf4 Rxb2 33. a3 Rcc2
34. Rh3 Ng5 35. Rg3 Kf7 36. axb4 axb4 37. Rf1 Rc3 38. Rg2 Rxg2+ 39. Nxg2 b3 40.
Rb1 Nf3+ 41. Kh1 b2 0-1